01620nam a22003497a 450000500170000000600190001700700100003600800410004601000190008702400210010602800310012703500190015804000140017708200150019124501480020626000360035430000590039030600120044944000030046150000180046450000300048250000260051250500480053852005170058653800250110365000200112870000180114870000180116670000200118470000250120485600410122920110901165216.0a|||||r|||||00| 0 vc av zk110824t xxu||||| |||| 00| 0 eng d aDVD-008039-047 aYRD 60250c99.00 bPioneers Office Automation aDVD-008039-047 aDPLcDPL  aDVD / PYAA aPyaar impossible /cwritten by Uday Chopra; directed by Jugal Hansraj; produced by Udya Chopra ; music by Salim Sulaiman h(Videorecording) DVD aMumbaibYash Raj Films cp2010. a1 videodisc DVD (140 Min.) bsd., col.c4 3/4 in.fDVD a140 Min  aHindi movies  aCopyright Yash Raj Films  aSummary from IMDB.com aUday Chopra, Priyanka Chopra and Dino Morea aA geeky U.S. student, Abhay Sharma, falls for a suave hottie, Alisha, and even rescues her from drowning. When he attempts to visit her while she is recuperating, he is not permitted to do so by her snobby friends, and he returns home to Mumbai where he lives with his dad. Seven years later, the couple are fated to meet again in Singapore - this time Alisha is a single parent, with a cute and precocious daughter, Tanya; while a dejected and frustrated Abhay is forced to assume the position of Tanya's nanny. aDigital Dolby: 5.1,  aMotion picture  aJugal Hansraj aChopra, Uday  aSalim Sulaiman  aGuptan, Anvita Dutt  uhttp://www.imdb.com/title/tt0053706/